• 首页
  • 本馆介绍
  • 公告通知
  • 最新文献
  • 馆藏检索
  • 电子资源
  • 读者导购
  • 参考咨询
  • 我的图书馆
  • 登录
  • 详细信息显示
  • 放入我的书架
  • 预约/预借图书
  • 作者相关作品
  • 分类相关作品
  • 丛书相关作品
  • 出版社相关作品

书目信息

  • 表格格式
  • 工作单格式
  • 卡片格式
题名:
中国姓名学
    
 
作者: 袁玉骝 著
分册:  
出版信息: 北京   光明日报出版社  1994.06
页数: 654页
开本: 32开
丛书名:
单 册:
中图分类: K810.2
科图分类:
主题词: 传记--研究 , 姓名学--中国
电子资源:
ISBN: 7-80091-434-8
000 00566nam0 2200205 45
001 0204221464
005 20031219104054.8
010    @a7-80091-434-8@b精装@dCNY24.80
100    @a20020422d1994 km y0chiy0120 ea
101 0  @achi
105    @a z 000yy
200 1  @a中国姓名学@AZhong Guo Xing Ming Xue@f袁玉骝著@FYuan Yu Liu Zhu
210    @a北京@c光明日报出版社@d1994.06
215    @a654页@d32开
606 0  @a传记@x研究
606 0  @a姓名学@y中国
690    @aK810.2@v4
701    @a袁玉骝@4著
801    @aCN@bTSTC@c20020422
905    @b308898-900@dK810.2@e12@f3
    
    中国姓名学/袁玉骝著.-北京:光明日报出版社,1994.06
    654页;32开
    
    
    ISBN 7-80091-434-8(精装):CNY24.80
    
●
相关链接 在E读中查询图书 在五车中查询图书 在当当中查询图书 在豆瓣中查询图书


正题名:中国姓名学     索取号:K810.2/12         预约/预借

序号 登录号 条形码 馆藏地/架位号 状态 备注
1 0308898   203088988   第二借阅区/ [索取号:K810.2/12] 在馆    
2 0308899   203088997   第二借阅区/ [索取号:K810.2/12] 在馆    
3 0308900   203089004   第二样本阅览室/ [索取号:K810.2/12] 在馆    
唐山师范学院图书馆 欢迎您!
大连网信软件有限公司© 版权所有